Statistics for 50 Least Visited Countries in the World 🌎

Click here to take the quiz!

General Stats

  • This quiz has been taken 2,000 times
    (1,919 since last reset)
  • The average score is 32 of 46

Answer Stats

#Countries% Correct
1Tuvalu
86%
25Palau
85%
21Vanuatu
84%
3Marshall Islands
83%
2Kiribati
82%
6Solomon Islands
82%
13Tonga
82%
30Samoa
79%
20Chad
78%
12Guinea
76%
24St. Kitts & Nevis
76%
7Comoros
75%
14Djibouti
75%
35Mali
75%
32Niger
75%
8Sao Tome & Principe
75%
18St. Vincent & the Grenadines
75%
40Bhutan
73%
48Burundi
73%
22Central African Republic
73%
17East Timor
73%
27Eritrea
73%
10Guinea Bissau
73%
9Mauritania
73%
47Benin
72%
31Gambia
70%
33Grenada
70%
42Brunei
69%
37Congo
69%
46Suriname
69%
38Guyana
68%
11Sierra Leone
68%
39Antigua & Barbuda
67%
34Papua New Guinea
67%
28Burkina Faso
66%
16Dominica
66%
44Gabon
66%
4Turkmenistan
66%
50Seychelles
64%
15Liechtenstein
61%
19San Marino
60%
43Angola
59%
29Moldova
59%
41Madagascar
49%
49Kuwait
44%
26Bangladesh
34%

Score Distribution

Percentile by Number Answered

Percent of People with Each Score

Your Score History

You have not taken this quiz since the last reset